[Event "5. Bayer Open"]
[Site "Leverkusen"]
[Date "2008.01.14"]
[Round "1"]
[White "Khanukov, Boris"]
[Black "Simon, Martin"]
[Result "1-0"]
[WhiteElo "2340"]
[BlackElo "1941"]
[PlyCount "141"]
[EventDate "2008.01.14"]
[EventType "swiss"]
[EventRounds "7"]
[EventCountry "GER"]
[Source "Birnkott,Manfre"]
[SourceDate "2008.04.23"]

1. d4 d5 2. c4 c6 3. Nf3 e6 4. e3 Nf6 5. Bd3 Nbd7 6. O-O dxc4 7. Bxc4 b5 8. Bd3
a6 9. e4 c5 10. e5 Nd5 11. Nc3 Nxc3 12. bxc3 Bb7 13. a4 cxd4 14. cxd4 Bc6 15.
Bg5 Qb6 16. axb5 Bxb5 17. Qe2 Bxd3 18. Qxd3 Bb4 19. Rfb1 a5 20. d5 Nc5 21. Qd4
O-O 22. d6 Qc6 23. Be3 Qe4 24. Qxe4 Nxe4 25. Nd4 Nc3 26. Rb3 Nd5 27. Nc6 Rfc8
28. Rc1 f6 29. d7 Rf8 30. exf6 Nxf6 31. d8=Q Rfxd8 32. Nxd8 Rxd8 33. Bg5 Rd7
34. Bxf6 gxf6 35. Kf1 Kf7 36. Ke2 Rd2+ 37. Ke3 Rd7 38. Rd3 Rb7 39. Rc4 Kg6 40.
Rd8 f5 41. Ra8 Rd7 42. Ra6 Kf6 43. Rcc6 Re7 44. g3 Kf7 45. f3 Kf6 46. g4 h6 47.
h3 Be1 48. gxf5 Kxf5 49. Rc5+ Kf6 50. Ke4 Bb4 51. Rcc6 Be1 52. f4 Kf7 53. Ke5
Bd2 54. Rxe6 Bxf4+ 55. Kf5 Rxe6 56. Rxe6 Bd2 57. Rd6 Be3 58. Ra6 Bd2 59. Ra7+
Kf8 60. h4 Be1 61. Kg4 Ke8 62. Kh5 Bd2 63. Kg6 Kd8 64. Rf7 Be1 65. h5 Ke8 66.
Rf5 Kd7 67. Kxh6 Kc6 68. Kg6 a4 69. h6 Bc3 70. h7 a3 71. Rf3 1-0

[Event "5. Bayer Open"]
[Site "Leverkusen"]
[Date "2008.01.14"]
[Round "1"]
[White "Krämer, Detlef"]
[Black "Rotstein, Jefim"]
[Result "0-1"]
[WhiteElo "1882"]
[BlackElo "2296"]
[PlyCount "42"]
[EventDate "2008.01.14"]
[EventType "swiss"]
[EventRounds "7"]
[EventCountry "GER"]
[Source "Birnkott,Manfre"]
[SourceDate "2008.04.23"]

1. c4 e5 2. g3 d6 3. Bg2 Nc6 4. Nc3 f5 5. d3 Nf6 6. Nf3 Be7 7. Rb1 O-O 8. O-O
Qe8 9. e3 Nd8 10. Re1 Qh5 11. Nd2 Qg6 12. d4 Nf7 13. Nf1 h5 14. Qc2 h4 15. dxe5
dxe5 16. Nb5 c6 17. Na3 e4 18. c5 Ne5 19. Rd1 Be6 20. b4 Qh5 21. Rd4 h3 0-1

[Event "5. Bayer Open"]
[Site "Leverkusen"]
[Date "2008.01.14"]
[Round "1"]
[White "Michalczak, Thomas"]
[Black "Blomeyer, Peter"]
[Result "1-0"]
[WhiteElo "2294"]
[BlackElo "1855"]
[PlyCount "101"]
[EventDate "2008.01.14"]
[EventType "swiss"]
[EventRounds "7"]
[EventCountry "GER"]
[Source "Birnkott,Manfre"]
[SourceDate "2008.04.23"]

1. e4 d6 2. d4 Nf6 3. Nc3 e5 4. Nf3 exd4 5. Nxd4 Be7 6. Bf4 O-O 7. Qd2 a6 8.
O-O-O c5 9. Nb3 b5 10. f3 c4 11. Nd4 Qa5 12. Kb1 b4 13. Nce2 Ra7 14. Ng3 c3 15.
Nb3 Qc7 16. bxc3 bxc3 17. Qd4 a5 18. Ka1 a4 19. Nc1 Qa5 20. Rd3 Rc7 21. Bxd6
Bxd6 22. Qxd6 Rb7 23. Rd4 Rb6 24. Rxa4 Qxa4 25. Qxb6 Be6 26. Bd3 Nbd7 27. Qa6
Qb4 28. Qb5 Qa3 29. Qb1 Rb8 30. Nb3 Nc5 31. Qc1 Nxb3+ 32. cxb3 Qa5 33. Bc2 Bxb3
34. Bxb3 Rxb3 35. Ne2 Nd7 36. Rd1 Nc5 37. Rd5 Rb5 38. Qxc3 Qb6 39. Rd1 h6 40.
Qc2 Qf6+ 41. Qc3 Qa6 42. Nc1 Na4 43. Qd4 Nc5 44. Rd2 Qa7 45. Rb2 Ra5 46. Qd8+
Kh7 47. Qb6 Qa8 48. Nb3 Nxb3+ 49. Qxb3 Ra7 50. e5 Qc6 51. Qc2+ 1-0

[Event "5. Bayer Open"]
[Site "Leverkusen"]
[Date "2008.01.14"]
[Round "1"]
[White "Romaker, Johann"]
[Black "Cordts, Ingo"]
[Result "0-1"]
[WhiteElo "1849"]
[BlackElo "2248"]
[PlyCount "77"]
[EventDate "2008.01.14"]
[EventType "swiss"]
[EventRounds "7"]
[EventCountry "GER"]
[Source "Birnkott,Manfre"]
[SourceDate "2008.04.23"]

1. Nf3 Nf6 2. d4 c5 3. e3 g6 4. c4 Bg7 5. Nc3 O-O 6. Be2 cxd4 7. exd4 d5 8. O-O
dxc4 9. Bxc4 Bg4 10. d5 Nbd7 11. Re1 Nb6 12. Bb3 Qd7 13. h3 Bxf3 14. Qxf3 Rfd8
15. d6 Qxd6 16. Bf4 Qb4 17. Bc7 Rd7 18. Qxb7 Rc8 19. Qxa7 Rdxc7 20. Qa6 Nbd7
21. Re4 Qc5 22. Rf4 e6 23. Rf3 Ne5 24. Rf4 Nd5 25. Re4 Nxc3 26. bxc3 Qxc3 27.
Rae1 Qd3 28. Qa3 Qb5 29. Rd1 Nc4 30. Bxc4 Rxc4 31. Re2 Rc3 32. Qb2 Qxb2 33.
Rxb2 Rc1 34. Rbd2 Be5 35. Kf1 Rxd1+ 36. Rxd1 Rc2 37. a4 Ra2 38. Rd8+ Kg7 39. a5
0-1

[Event "5. Bayer Open"]
[Site "Leverkusen"]
[Date "2008.01.14"]
[Round "1"]
[White "Mladenov, Svetlin"]
[Black "Schmitz, Andreas"]
[Result "1-0"]
[WhiteElo "2299"]
[BlackElo "1845"]
[PlyCount "87"]
[EventDate "2008.01.14"]
[EventType "swiss"]
[EventRounds "7"]
[EventCountry "GER"]
[Source "Birnkott,Manfre"]
[SourceDate "2008.04.23"]

1. e4 e6 2. d4 d5 3. Nd2 Nf6 4. e5 Nfd7 5. Bd3 c5 6. c3 Nc6 7. Ne2 a6 8. Nf3
Be7 9. h4 b5 10. Bg5 h6 11. Bxe7 Qxe7 12. a4 b4 13. h5 Rb8 14. O-O c4 15. Bc2
b3 16. Bb1 f5 17. exf6 Qxf6 18. Bg6+ Kd8 19. Qd2 Rf8 20. Ng3 Ne7 21. Bb1 a5 22.
Qe3 Rb6 23. Ne5 Ra6 24. Ne2 Nf5 25. Bxf5 Qxf5 26. Ng3 Qc2 27. Rab1 Nxe5 28.
Qxe5 Rf7 29. f4 Qd3 30. f5 exf5 31. Rbd1 Qc2 32. Qxd5+ Rd7 33. Qg8+ Kc7 34.
Qxc4+ Rc6 35. Qe2 Qxe2 36. Nxe2 Re7 37. Nf4 Kd6 38. Nd3 Re2 39. Rf2 Re8 40. Nc5
Rb6 41. g3 Re3 42. Kg2 Kd5 43. Rdd2 Ba6 44. Rxf5+ 1-0

[Event "5. Bayer Open"]
[Site "Leverkusen"]
[Date "2008.01.14"]
[Round "1"]
[White "Bosbach, Jens"]
[Black "Balduan, Markus"]
[Result "0-1"]
[WhiteElo "1825"]
[BlackElo "2315"]
[PlyCount "66"]
[EventDate "2008.01.14"]
[EventType "swiss"]
[EventRounds "7"]
[EventCountry "GER"]
[Source "Birnkott,Manfre"]
[SourceDate "2008.04.23"]

1. d4 d5 2. Nf3 Nf6 3. e3 Bg4 4. Nbd2 e6 5. c4 Nbd7 6. Be2 c6 7. O-O Bd6 8. h3
Bh5 9. b3 O-O 10. Bb2 a5 11. Ne5 Bxe2 12. Qxe2 Bb4 13. Ndf3 Ne4 14. Nxd7 Qxd7
15. Ne5 Qe7 16. c5 a4 17. a3 Ba5 18. b4 Bc7 19. Qe1 f6 20. Nd3 e5 21. f3 Ng5
22. f4 exf4 23. exf4 Ne4 24. Qe3 Rfe8 25. Rae1 Qd7 26. Qc1 Ng3 27. Rf3 Ne2+ 28.
Rxe2 Rxe2 29. Re3 Rxe3 30. Qxe3 Re8 31. Qf3 Qe6 32. Bc1 Qe4 33. Qxe4 Rxe4 0-1

[Event "5. Bayer Open"]
[Site "Leverkusen"]
[Date "2008.01.14"]
[Round "1"]
[White "Auer, Martin"]
[Black "Brinkmann, Sven"]
[Result "1-0"]
[WhiteElo "2228"]
[BlackElo "1814"]
[PlyCount "75"]
[EventDate "2008.01.14"]
[EventType "swiss"]
[EventRounds "7"]
[EventCountry "GER"]
[Source "Birnkott,Manfre"]
[SourceDate "2008.04.23"]

1. e4 e6 2. d4 d5 3. Nc3 Bb4 4. e5 c5 5. a3 Bxc3+ 6. bxc3 Qc7 7. Nf3 Ne7 8. h4
Nbc6 9. h5 h6 10. Bf4 Bd7 11. dxc5 Qa5 12. Qd2 Qxc5 13. Bd3 Na5 14. O-O Nc4 15.
Qe2 Rc8 16. Rfb1 b6 17. Nd4 Nc6 18. Nb5 N6a5 19. Be3 Qe7 20. Nxa7 Rb8 21. Bd4
O-O 22. Nb5 Bxb5 23. Rxb5 Nxa3 24. Rxb6 Rxb6 25. Bxb6 N5c4 26. Bd4 Qg5 27. g3
Rb8 28. Kg2 Qe7 29. f4 Qc7 30. f5 exf5 31. Bxf5 Re8 32. Re1 Nd6 33. Bd3 Nac4
34. Qf1 Nb5 35. Qf5 Re6 36. Qh7+ Kf8 37. Qh8+ Ke7 38. Qxg7 1-0

[Event "5. Bayer Open"]
[Site "Leverkusen"]
[Date "2008.01.14"]
[Round "1"]
[White "Friedsam, Manfred"]
[Black "Ivic, Roman"]
[Result "0-1"]
[WhiteElo "1804"]
[BlackElo "2060"]
[PlyCount "52"]
[EventDate "2008.01.14"]
[EventType "swiss"]
[EventRounds "7"]
[EventCountry "GER"]
[Source "Birnkott,Manfre"]
[SourceDate "2008.04.23"]

1. e4 c5 2. Nc3 d6 3. g3 Nf6 4. Bg2 Nc6 5. d3 g6 6. f4 Bg7 7. Nf3 Bg4 8. O-O
Nd4 9. Ne2 Nxf3+ 10. Bxf3 Bh3 11. Bg2 Qd7 12. c3 h5 13. f5 Bxg2 14. Kxg2 h4 15.
Ng1 hxg3 16. hxg3 gxf5 17. exf5 O-O-O 18. d4 Rh5 19. Qf3 Rdh8 20. Rf2 Qb5 21.
Re2 cxd4 22. cxd4 Rh1 23. Be3 R8h2+ 24. Kf1 Ne4 25. Rc1+ Kd7 26. Rcc2 Qd3 0-1

[Event "5. Bayer Open"]
[Site "Leverkusen"]
[Date "2008.01.14"]
[Round "1"]
[White "Weiler, Wolfgang"]
[Black "Wolf, Hans-Josef"]
[Result "1-0"]
[WhiteElo "2170"]
[BlackElo "1774"]
[PlyCount "61"]
[EventDate "2008.01.14"]
[EventType "swiss"]
[EventRounds "7"]
[EventCountry "GER"]
[Source "Birnkott,Manfre"]
[SourceDate "2008.04.23"]

1. e4 e6 2. d4 b6 3. Bd3 Bb7 4. Nf3 d6 5. O-O Nd7 6. Re1 e5 7. c3 Be7 8. Nbd2
h5 9. Nc4 Bf6 10. a4 a6 11. Ne3 g6 12. Nd5 Bg7 13. a5 b5 14. b3 c6 15. Ne3 Nh6
16. Bc2 Qc7 17. Ba3 Rd8 18. Bb2 O-O 19. c4 b4 20. Qd2 exd4 21. Bxd4 f6 22. Bb2
c5 23. Nh4 g5 24. Nhf5 Nxf5 25. Nxf5 Ne5 26. Qe2 g4 27. h3 gxh3 28. Qxh5 hxg2
29. Re3 Rd7 30. Rg3 Rfd8 31. f4 1-0

[Event "5. Bayer Open"]
[Site "Leverkusen"]
[Date "2008.01.14"]
[Round "1"]
[White "Remmler, Dirk"]
[Black "Ljuboschiz, Alexander"]
[Result "0-1"]
[WhiteElo "1761"]
[BlackElo "2141"]
[PlyCount "42"]
[EventDate "2008.01.14"]
[EventType "swiss"]
[EventRounds "7"]
[EventCountry "GER"]
[Source "Birnkott,Manfre"]
[SourceDate "2008.04.23"]

1. e4 e5 2. Nf3 Nc6 3. Bb5 g6 4. c3 a6 5. Ba4 d6 6. d4 Bd7 7. Bg5 Be7 8. Bxe7
Qxe7 9. Qd3 Nf6 10. Nbd2 O-O 11. dxe5 Nxe5 12. Nxe5 Bxa4 13. Qd4 Bb5 14. Nd3 d5
15. f3 dxe4 16. Qc5 Rfe8 17. Qxe7 Rxe7 18. Nf4 exf3+ 19. Kd1 fxg2 20. Nxg2 Rd8
21. Re1 Red7 0-1

[Event "5. Bayer Open"]
[Site "Leverkusen"]
[Date "2008.01.14"]
[Round "1"]
[White "Negele, Michael"]
[Black "Erdmann, Kristian"]
[Result "1-0"]
[WhiteElo "2118"]
[BlackElo "1741"]
[PlyCount "41"]
[EventDate "2008.01.14"]
[EventType "swiss"]
[EventRounds "7"]
[EventCountry "GER"]
[Source "Birnkott,Manfre"]
[SourceDate "2008.04.23"]

1. e4 e5 2. Nf3 Nc6 3. d4 exd4 4. Bc4 Nf6 5. O-O d5 6. exd5 Nxd5 7. Re1+ Be7 8.
Nxd4 Ndb4 9. Bg5 O-O 10. Bxe7 Nxe7 11. Nc3 Nf5 12. Nxf5 Bxf5 13. Qf3 Bxc2 14.
Qxb7 Rb8 15. Qxa7 Nd3 16. Re2 Rxb2 17. Qe3 Nb4 18. a3 Qa8 19. Qc1 Nc6 20. Qxb2
Nd4 21. Rxc2 1-0

[Event "5. Bayer Open"]
[Site "Leverkusen"]
[Date "2008.01.14"]
[Round "1"]
[White "Liebsch, Ulrich"]
[Black "Schockenbäumer, Dirk"]
[Result "0-1"]
[WhiteElo "1732"]
[BlackElo "2135"]
[PlyCount "46"]
[EventDate "2008.01.14"]
[EventType "swiss"]
[EventRounds "7"]
[EventCountry "GER"]
[Source "Birnkott,Manfre"]
[SourceDate "2008.04.23"]

1. d4 Nf6 2. c4 g6 3. Nc3 d5 4. Nf3 Bg7 5. Bf4 O-O 6. h3 c5 7. e3 cxd4 8. Nxd4
Nc6 9. Nxc6 bxc6 10. Be2 Qa5 11. O-O Ba6 12. Rc1 Bxc4 13. Bxc4 dxc4 14. Qf3 Nd5
15. Ne2 Qxa2 16. Rc2 e5 17. Bg3 Rab8 18. Nc1 Qa4 19. Qe4 Rb4 20. Re2 c3 21. Qc2
Qxc2 22. Rxc2 cxb2 23. Nd3 b1=Q 0-1

[Event "5. Bayer Open"]
[Site "Leverkusen"]
[Date "2008.01.14"]
[Round "1"]
[White "Reinemer, Frank"]
[Black "Schmald, Nikolai"]
[Result "1-0"]
[WhiteElo "2131"]
[BlackElo "1722"]
[PlyCount "44"]
[EventDate "2008.01.14"]
[EventType "swiss"]
[EventRounds "7"]
[EventCountry "GER"]
[Source "Birnkott,Manfre"]
[SourceDate "2008.04.23"]

1. d4 e6 2. c4 d5 3. Nc3 Nf6 4. cxd5 exd5 5. Bg5 Be7 6. e3 c6 7. Qc2 Qa5 8. Nf3
Bg4 9. Ne5 Bh5 10. f4 Ng4 11. Bxe7 Nxe5 12. Qf5 Ned7 13. Bd6 Bg6 14. Qg4 f5 15.
Qg5 Nf6 16. Bd3 Kd7 17. Bxb8 Raxb8 18. Bxf5+ Ke7 19. Bxg6 hxg6 20. O-O Kf7 21.
f5 gxf5 22. Rxf5 Rh6 1-0

[Event "5. Bayer Open"]
[Site "Leverkusen"]
[Date "2008.01.14"]
[Round "1"]
[White "van Kempen, Heinz"]
[Black "Lommen, Frank"]
[Result "0-1"]
[WhiteElo "1722"]
[BlackElo "2025"]
[PlyCount "50"]
[EventDate "2008.01.14"]
[EventType "swiss"]
[EventRounds "7"]
[EventCountry "GER"]
[Source "Birnkott,Manfre"]
[SourceDate "2008.04.23"]

1. e4 c5 2. Nf3 e6 3. d4 cxd4 4. Nxd4 a6 5. Nc3 Qc7 6. Be2 b5 7. Bf3 Bb7 8. O-O
d6 9. a3 Nf6 10. Re1 Be7 11. e5 dxe5 12. Bxb7 Qxb7 13. Rxe5 Nbd7 14. Rg5 O-O
15. Qe2 Rfe8 16. Bd2 Bc5 17. Nb3 Bd6 18. Rd1 Qb8 19. f4 Bxf4 20. Bxf4 Qxf4 21.
Rg3 Qc7 22. Rf1 Rac8 23. Qe3 g6 24. Qg5 Qb6+ 25. Re3 Ng4 0-1

[Event "5. Bayer Open"]
[Site "Leverkusen"]
[Date "2008.01.14"]
[Round "1"]
[White "Peschel, Andreas"]
[Black "Gülden, Ralf"]
[Result "1-0"]
[WhiteElo "2099"]
[BlackElo "1699"]
[PlyCount "63"]
[EventDate "2008.01.14"]
[EventType "swiss"]
[EventRounds "7"]
[EventCountry "GER"]
[Source "Birnkott,Manfre"]
[SourceDate "2008.04.23"]

1. d4 Nf6 2. c4 e6 3. Nf3 Be7 4. g3 O-O 5. Bg2 c5 6. d5 exd5 7. cxd5 d6 8. Nc3
Bf5 9. Nd2 Nbd7 10. Nc4 Nb6 11. b3 Nfd7 12. e4 Bg6 13. f4 Nxc4 14. bxc4 f5 15.
Qb3 fxe4 16. Bxe4 Bxe4 17. Nxe4 b6 18. O-O Nf6 19. Ng5 Qd7 20. Ne6 Rf7 21. Bb2
Rb8 22. Qc2 Ne8 23. a4 a6 24. Rfe1 b5 25. axb5 axb5 26. cxb5 Rxb5 27. Ra8 h6
28. Qa4 Bf8 29. Bc3 Nf6 30. Bxf6 gxf6 31. Nxf8 Rxf8 32. Ra7 1-0

[Event "5. Bayer Open"]
[Site "Leverkusen"]
[Date "2008.01.14"]
[Round "1"]
[White "Witte, Volker"]
[Black "Hirth, Ulrich"]
[Result "0-1"]
[WhiteElo "1673"]
[BlackElo "2208"]
[PlyCount "72"]
[EventDate "2008.01.14"]
[EventType "swiss"]
[EventRounds "7"]
[EventCountry "GER"]
[Source "Birnkott,Manfre"]
[SourceDate "2008.04.23"]

1. d4 Nf6 2. c4 e6 3. Nc3 Bb4 4. a3 Bxc3+ 5. bxc3 c5 6. e3 d6 7. Bd3 Nc6 8. Ne2
O-O 9. Ng3 Na5 10. e4 e5 11. d5 b6 12. O-O Ba6 13. Qe2 Qc7 14. Bg5 Nd7 15. Be7
Rfe8 16. Nf5 Nb7 17. Qg4 g6 18. Nh6+ Kg7 19. Nf5+ Kh8 20. Bg5 gxf5 21. exf5 f6
22. Bh6 Rg8 23. Qh4 Qd8 24. Rae1 Qe7 25. f4 Nd8 26. fxe5 Nxe5 27. Bf4 Ndf7 28.
Re3 Rg7 29. g4 Rag8 30. h3 Qd8 31. Rfe1 Nxd3 32. Rxd3 Bxc4 33. Rde3 Ne5 34. Bh6
Rf7 35. g5 fxg5 36. Qe4 Qf6 0-1

[Event "5. Bayer Open"]
[Site "Leverkusen"]
[Date "2008.01.14"]
[Round "1"]
[White "Werbeck, Torsten"]
[Black "Wieland, Ingo"]
[Result "1-0"]
[WhiteElo "2083"]
[BlackElo "1664"]
[PlyCount "87"]
[EventDate "2008.01.14"]
[EventType "swiss"]
[EventRounds "7"]
[EventCountry "GER"]
[Source "Birnkott,Manfre"]
[SourceDate "2008.04.23"]

1. d4 d5 2. Nf3 Nf6 3. c4 c6 4. Nc3 e6 5. Bg5 Be7 6. e3 Nbd7 7. Bd3 O-O 8. O-O
dxc4 9. Bxc4 c5 10. Qe2 cxd4 11. exd4 Nb6 12. Bb3 Re8 13. Rac1 a6 14. Rfd1 Nbd5
15. Ne4 Nxe4 16. Bxe7 Qxe7 17. Qxe4 Rd8 18. Rc5 Qd6 19. Rdc1 Nf6 20. Qe5 Qxe5
21. dxe5 Nd5 22. Bxd5 exd5 23. Rc7 Be6 24. Nd4 Rab8 25. f4 g6 26. Kf2 Bd7 27.
Ke3 Bc6 28. R1xc6 bxc6 29. Nxc6 Kf8 30. Nxd8 Rxd8 31. b3 d4+ 32. Kd3 Rd5 33.
Rc4 Ke7 34. Rxd4 Ra5 35. Ra4 Rd5+ 36. Ke3 a5 37. g4 Rc5 38. h4 f6 39. exf6+
Kxf6 40. Ke4 h5 41. g5+ Ke6 42. Rc4 Rf5 43. Rc6+ Kf7 44. Rf6+ 1-0

[Event "5. Bayer Open"]
[Site "Leverkusen"]
[Date "2008.01.14"]
[Round "1"]
[White "Görke, Joachim"]
[Black "Zühlke, Ernst-Wilhelm"]
[Result "1-0"]
[WhiteElo "2103"]
[BlackElo "1655"]
[PlyCount "47"]
[EventDate "2008.01.14"]
[EventType "swiss"]
[EventRounds "7"]
[EventCountry "GER"]
[Source "Birnkott,Manfre"]
[SourceDate "2008.04.23"]

1. e4 e6 2. d4 d5 3. e5 c5 4. c3 Nc6 5. Nf3 Bd7 6. a3 Qb6 7. b4 c4 8. Be3 Qc7
9. a4 a6 10. Be2 Nge7 11. O-O Nf5 12. Bf4 g6 13. Qd2 Bg7 14. Na3 h6 15. g4 Nfe7
16. Bxc4 dxc4 17. Nxc4 Nd5 18. Nd6+ Ke7 19. Bg3 Raf8 20. c4 Ndxb4 21. d5 Nxe5
22. Nxe5 Bxe5 23. Bxe5 f6 24. Nf5+ 1-0

[Event "5. Bayer Open"]
[Site "Leverkusen"]
[Date "2008.01.14"]
[Round "1"]
[White "Granz, Thomas"]
[Black "Vasiljev, Jurij"]
[Result "0-1"]
[WhiteElo "1641"]
[BlackElo "2062"]
[PlyCount "50"]
[EventDate "2008.01.14"]
[EventType "swiss"]
[EventRounds "7"]
[EventCountry "GER"]
[Source "Birnkott,Manfre"]
[SourceDate "2008.04.23"]

1. e4 c5 2. Nf3 e6 3. d4 cxd4 4. Nxd4 a6 5. Bd3 Nf6 6. Be3 Qc7 7. O-O d5 8. Nd2
Bd6 9. f4 e5 10. Ne2 Ng4 11. fxe5 Nxe3 12. exd6 Qxd6 13. Qe1 Nxf1 14. Qxf1 O-O
15. Rd1 Nc6 16. Nf3 dxe4 17. Bxe4 Qc5+ 18. Kh1 Be6 19. Nf4 Bc4 20. Nd3 Qh5 21.
b3 Bxd3 22. Bxd3 Rad8 23. a3 Rfe8 24. Qf2 Ne5 25. Nxe5 Qxd1+ 0-1

[Event "5. Bayer Open"]
[Site "Leverkusen"]
[Date "2008.01.14"]
[Round "1"]
[White "Becker, Rainer"]
[Black "Lessing, Sebastian"]
[Result "1-0"]
[WhiteElo "1979"]
[BlackElo "1614"]
[PlyCount "61"]
[EventDate "2008.01.14"]
[EventType "swiss"]
[EventRounds "7"]
[EventCountry "GER"]
[Source "Birnkott,Manfre"]
[SourceDate "2008.04.23"]

1. e4 e5 2. d4 exd4 3. c3 dxc3 4. Bc4 Nc6 5. Nf3 h6 6. O-O d6 7. Nxc3 Bg4 8.
Qb3 Qd7 9. Bxf7+ Qxf7 10. Qxb7 Rd8 11. Qxc6+ Qd7 12. Nd4 Be7 13. Nd5 Rc8 14.
Be3 Bf6 15. Rac1 Kd8 16. f3 Be6 17. Nxe6+ Qxe6 18. Nxc7 Qd7 19. Qxd7+ Kxd7 20.
Nb5 Ne7 21. Rfd1 Rxc1 22. Bxc1 Kc6 23. Nxa7+ Kb7 24. Nb5 Kc6 25. a4 Rd8 26. b3
g5 27. Be3 Nc8 28. Rc1+ Kd7 29. a5 Ne7 30. Rc7+ Ke8 31. a6 1-0

[Event "5. Bayer Open"]
[Site "Leverkusen"]
[Date "2008.01.14"]
[Round "1"]
[White "Runte, Dirk"]
[Black "Wulfken, Christof"]
[Result "0-1"]
[WhiteElo "1613"]
[BlackElo "1946"]
[PlyCount "86"]
[EventDate "2008.01.14"]
[EventType "swiss"]
[EventRounds "7"]
[EventCountry "GER"]
[Source "Birnkott,Manfre"]
[SourceDate "2008.04.23"]

1. e4 c5 2. Nf3 e6 3. d4 cxd4 4. Nxd4 Nf6 5. Bg5 Qa5+ 6. Bd2 Qb6 7. Nb3 Nxe4 8.
Be3 Qc7 9. Bd3 Nc5 10. Nxc5 Bxc5 11. Bxc5 Qxc5 12. O-O O-O 13. Nc3 d5 14. Re1
Nc6 15. Nb5 Bd7 16. a3 a6 17. Nc3 b5 18. Qh5 f5 19. Re3 Rf6 20. Rg3 Be8 21. Qh4
Rg6 22. Re1 Qd4 23. Qxd4 Nxd4 24. Ne2 Nxe2+ 25. Rxe2 Rxg3 26. hxg3 Kf7 27. b3
Rc8 28. f3 h5 29. Kf2 Kf6 30. Re1 e5 31. Rc1 e4 32. Be2 d4 33. Bf1 Bf7 34. a4
Bxb3 35. axb5 axb5 36. Bxb5 Rxc2+ 37. Rxc2 Bxc2 38. Ke2 g5 39. Be8 Bd3+ 40. Ke1
h4 41. gxh4 gxh4 42. Ba4 Ke5 43. Kd2 Kf4 0-1

[Event "5. Bayer Open"]
[Site "Leverkusen"]
[Date "2008.01.14"]
[Round "1"]
[White "Kies, Werner"]
[Black "Depping, Thomas"]
[Result "1/2-1/2"]
[WhiteElo "1968"]
[BlackElo "1601"]
[PlyCount "70"]
[EventDate "2008.01.14"]
[EventType "swiss"]
[EventRounds "7"]
[EventCountry "GER"]
[Source "Birnkott,Manfre"]
[SourceDate "2008.04.23"]

1. e4 g6 2. d4 Bg7 3. f4 c6 4. Nf3 d5 5. e5 Bg4 6. h3 Bxf3 7. Qxf3 e6 8. Bd3 h5
9. c3 h4 10. Nd2 Nd7 11. Qf2 Bf8 12. Nb3 Bg7 13. Be3 Nh6 14. O-O-O b6 15. g4
hxg3 16. Qxg3 c5 17. Nd2 Nf8 18. h4 Nf5 19. Bxf5 exf5 20. Nf3 Ne6 21. Rh3 Rh5
22. Qg2 c4 23. Rdh1 b5 24. Rg3 Nf8 25. Rgh3 Ne6 26. R1h2 Qd7 27. Ne1 a5 28. Nc2
Rd8 29. Bd2 b4 30. Qf2 Qa4 31. cxb4 axb4 32. a3 b3 33. Nb4 Nc7 34. Qg2 Qd7 35.
Rg3 Qe6 1/2-1/2

[Event "5. Bayer Open"]
[Site "Leverkusen"]
[Date "2008.01.14"]
[Round "1"]
[White "Hasanovic, Huzeir"]
[Black "Böhm, Stefan"]
[Result "0-1"]
[WhiteElo "1592"]
[BlackElo "2010"]
[PlyCount "76"]
[EventDate "2008.01.14"]
[EventType "swiss"]
[EventRounds "7"]
[EventCountry "GER"]
[Source "Birnkott,Manfre"]
[SourceDate "2008.04.23"]

1. e4 c5 2. Nf3 a6 3. d3 d6 4. g3 g6 5. Bg2 Bg7 6. c3 Nc6 7. O-O Rb8 8. Nbd2 e6
9. Nc4 b5 10. Ne3 Nge7 11. Nh4 O-O 12. f4 f5 13. g4 Bd7 14. exf5 exf5 15. g5 b4
16. Nd5 bxc3 17. bxc3 Be8 18. Bd2 Kh8 19. Re1 Nxd5 20. Bxd5 Ne7 21. Bb3 Bf7 22.
Nf3 Nd5 23. d4 Qc7 24. Rc1 c4 25. Ba4 Rb2 26. h4 Nb6 27. Bc2 Qc6 28. Kf2 Bd5
29. Re3 Be4 30. Kg3 Nd5 31. Rxe4 fxe4 32. Bxe4 Qb7 33. h5 gxh5 34. Qh1 Qf7 35.
g6 hxg6 36. Qxh5+ gxh5 37. Ng5 Qd7 38. f5 Rxf5 0-1

[Event "5. Bayer Open"]
[Site "Leverkusen"]
[Date "2008.01.14"]
[Round "1"]
[White "Pützkaul, Karl"]
[Black "Fröhling, Ewald"]
[Result "1/2-1/2"]
[WhiteElo "1853"]
[BlackElo "1559"]
[PlyCount "88"]
[EventDate "2008.01.14"]
[EventType "swiss"]
[EventRounds "7"]
[EventCountry "GER"]
[Source "Birnkott,Manfre"]
[SourceDate "2008.04.23"]

1. e4 d5 2. exd5 Qxd5 3. Nc3 Qa5 4. d4 c6 5. Nf3 Nf6 6. Bc4 Bf5 7. Bd2 Qc7 8.
O-O e6 9. Re1 Bd6 10. Qe2 O-O 11. Bg5 Nd5 12. Nxd5 cxd5 13. Bd3 Bxd3 14. Qxd3
Nc6 15. c3 Rfe8 16. Bh4 h6 17. Bg3 Bxg3 18. hxg3 Ne7 19. Re2 Nf5 20. g4 Nd6 21.
g5 hxg5 22. Nxg5 Kf8 23. Rae1 Ke7 24. Qf5 Kd8 25. Qf4 Kc8 26. Nf3 b6 27. Ne5
Kb7 28. f3 Rh8 29. g4 Rh7 30. Rh2 Rah8 31. Rxh7 Rxh7 32. Kg2 Qe7 33. Qg3 Qf6
34. Nd7 Qh6 35. Rf1 Kc7 36. Ne5 Qf6 37. Rh1 Rxh1 38. Kxh1 Qh6+ 39. Kg2 Qd2+ 40.
Qf2 Qxf2+ 41. Kxf2 f6 42. Nd3 Nf7 43. f4 Nd6 44. Kf3 Ne4 1/2-1/2

[Event "5. Bayer Open"]
[Site "Leverkusen"]
[Date "2008.01.14"]
[Round "1"]
[White "van Kempen, Susanne"]
[Black "Buchkremer, Felix"]
[Result "0-1"]
[WhiteElo "1550"]
[BlackElo "2036"]
[PlyCount "42"]
[EventDate "2008.01.14"]
[EventType "swiss"]
[EventRounds "7"]
[EventCountry "GER"]
[Source "Birnkott,Manfre"]
[SourceDate "2008.04.23"]

1. e4 e6 2. d4 d5 3. exd5 exd5 4. Bd3 Nc6 5. c3 Bd6 6. Be3 Nge7 7. Qc2 Bg4 8.
Ne2 Qd7 9. Nd2 Nf5 10. Nf1 O-O-O 11. f3 Nxe3 12. Nxe3 Be6 13. O-O-O g6 14. g3
Rhe8 15. Rhe1 Kb8 16. Ng2 f6 17. Nef4 Bf7 18. Rxe8 Rxe8 19. Be2 g5 20. Nd3 Bg6
21. Qd2 Qh3 0-1

[Event "5. Bayer Open"]
[Site "Leverkusen"]
[Date "2008.01.14"]
[Round "1"]
[White "Scharff, Klaus"]
[Black "Hoeper, Heinz-Joachim"]
[Result "1-0"]
[WhiteElo "1928"]
[BlackElo "1496"]
[PlyCount "51"]
[EventDate "2008.01.14"]
[EventType "swiss"]
[EventRounds "7"]
[EventCountry "GER"]
[Source "Birnkott,Manfre"]
[SourceDate "2008.04.23"]

1. d4 Nf6 2. c4 e5 3. dxe5 Ng4 4. f4 Bb4+ 5. Nc3 Bxc3+ 6. bxc3 b6 7. e3 h5 8.
Nf3 Bb7 9. h3 Nh6 10. Bd3 Na6 11. Ba3 c5 12. Qe2 Nc7 13. O-O-O Qe7 14. g4 h4
15. g5 Ng8 16. Bf5 Ne6 17. Rd6 Bc6 18. Rhd1 g6 19. Bg4 O-O-O 20. Qf2 f5 21.
exf6 Nxf6 22. gxf6 Qxf6 23. Ne5 Ba4 24. R1d3 Rhf8 25. Qg2 Bc6 26. Nxc6 1-0